Geografía comercial / (Record no. 148182)

MARC details
000 -LEADER
campo de control de longitud fija 00741nam a2200205 i 4500
001 - NÚMERO DE CONTROL
campo de control 148182
003 - IDENTIFICADOR DE NÚMERO DE CONTROL
campo de control ES-MaACL
005 - FECHA Y HORA DE LA ÚLTIMA TRANSACCIÓN
campo de control 20250814064905.0
007 - CAMPO FIJO DE DESCRIPCIÓN FÍSICA--INFORMACIÓN GENERAL
campo de control de longitud fija t|
008 - DATOS DE LONGITUD FIJA--INFORMACIÓN GENERAL
campo de control de longitud fija 070214s1963 sp r ||||1| spa d
100 1# - ENTRADA PRINCIPAL--NOMBRE DE PERSONA
Nombre de persona Stamp, Laurence Dudley.
9 (RLIN) 107880
245 10 - MENCIÓN DEL TÍTULO
Título Geografía comercial /
Mención de responsabilidad, etc. Laurence Dudley Stamp ; traducción de Manuel Heredero Higueras ; actualización y redacción de textos especiales de Francisco Cortada Reus.
260 ## - PUBLICACIÓN, DISTRIBUCIÓN, ETC.
Lugar de publicación, distribución, etc. Barcelona :
Nombre del editor, distribuidor, etc. Labor,
Fecha de publicación, distribución, etc. 1963.
300 ## - DESCRIPCIÓN FÍSICA
Extensión XVI, 462 p. :
Otras características físicas il. ;
Dimensiones 23 cm.
650 07 - PUNTO DE ACCESO ADICIONAL DE MATERIA--TÉRMINO DE MATERIA
Término de materia o nombre geográfico como elemento de entrada Geografía comercial
Fuente del encabezamiento o término embne
9 (RLIN) 13075
700 1# - ENTRADA AGREGADA--NOMBRE PERSONAL
Nombre de persona Heredero Higueras, Manuel.
9 (RLIN) 62685
700 1# - ENTRADA AGREGADA--NOMBRE PERSONAL
Nombre de persona Cortada Reus, Francisco.
9 (RLIN) 40810
852 ## - LOCALIZACIÓN
Ubicación ES-MaACL
Número de control de estantería C-24032
Sublocalización o colección R.52723
Holdings
Estatus retirado Estado de pérdida Estado de daño No para préstamo Biblioteca de origen Biblioteca actual Ubicación en estantería Fecha de adquisición Fuente de adquisición Total de préstamos Signatura topográfica completa Código de barras Visto por última vez Precio de reemplazo Tipo de ítem Koha
        Biblioteca del Ateneo de Madrid Biblioteca del Ateneo de Madrid Depósito 2 17/01/2008     C-24032 1154644 23/02/2023 23/02/2023 Libro impreso